000 00613pam a2200229 a 4500
001 2386364
003 OSt
005 20250901165758.0
008 850422s1986 nyu 000 1 eng
010 _a 85010761
020 _a0394548493
040 _aDLC
_cDLC
_dDLC
050 0 0 _aPR 6056 .O63 E5 1986
_bE5 1986
082 0 0 _a823/.914
_219
100 1 _aForbes, Bryan,
_d1926-2013.
245 1 4 _aThe endless game /
_cBryan Forbes.
250 _a1st ed.
260 _aNew York :
_bRandom House,
_cc1986.
300 _a309 p. ;
_c25 cm.
906 _a7
_bcbc
_corignew
_d1
_eocip
_f19
_gy-gencatlg
942 _2lcc
_cBK
999 _c9151
_d9151